Vivencias 3 : (Record no. 58824)

MARC details
000 -CABECERA
campo de control de longitud fija 00691nam a2200193 a 4500
005 - FECHA Y HORA DE LA ÚLTIMA TRANSACCIÓN
campo de control 20210219152704.0
008 - ELEMENTOS DE LONGITUD FIJA--INFORMACIÓN GENERAL
campo de control de longitud fija 991125m19911997es 000 0 spa u
020 ## - NÚMERO INTERNACIONAL NORMALIZADO PARA LIBROS
Número Internacional Estándar del Libro 848525273X
035 ## - NÚMERO DE CONTROL DEL SISTEMA
Número de control de sistema UPN01000058824
049 ## - COLECCIÓN
Colección CG
050 #4 - SIGNATURA TOPOGRÁFICA DE LA BIBLIOTECA DEL CONGRESO
Número de clasificación LB1733
Número de documento/Ítem F5 no.11
245 00 - MENCIÓN DE TÍTULO
Título Vivencias 3 :
Resto del título método sensorio-motor para el aprendizaje de la lecto-escritura /
Mención de responsabilidad, etc. Ma. Isabel González Moreno ... [et al.].
260 ## - PUBLICACIÓN, DISTRIBUCIÓN, ETC.
Lugar de publicación, distribución, etc. Madrid :
Nombre del editor, distribuidor, etc. CEPE,
Fecha de publicación, distribución, etc. 1991 (1997 impr.).
300 ## - DESCRIPCIÓN FÍSICA
Extensión 176 p. :
Otras características físicas il. col.
440 #0 - MENCIÓN DE SERIE/ASIENTO SECUNDARIO--TÍTULO
Título Fichas de preescolar especial ;
Designación de volumen o secuencia 11
650 #4 - ASIENTO SECUNDARIO DE MATERIA - TERMINO TEMATICO
Término de materia o nombre geográfico como elemento de entrada LECTURA -
Subdivisión general ESTUDIO Y ENSEÑANZA (ELEMENTAL) -
-- METODO SENSORIO-MOTOR
700 1# - ASIENTO SECUNDARIO--NOMBRE DE PERSONAL
Nombre de persona González Moreno, María Isabel,
Término indicativo de función/relación coaut.
905 ## - TIPO DE MATERIAL
Tipo de material Libro
Holdings
Estado de retiro Estado de pérdida Fuente del sistema de clasificación o colocación Estado dañado No para préstamo Código de colección Localización permanente Ubicación/localización actual Ubicación en estantería Total de préstamos Clasificación Código de barras Fecha visto por última vez Número de copia Tipo de ítem Koha
    Library of Congress Classification     Colección General Bib. Gregorio Torres Quintero Bib. Gregorio Torres Quintero Planta baja 5 LB1733 F5 no.11 108206 31/12/2020 1 Libro
    Library of Congress Classification     Colección General Bib. Gregorio Torres Quintero Bib. Gregorio Torres Quintero Planta baja 4 LB1733 F5 no.11 108207 31/12/2020 1 Libro
    Library of Congress Classification     Colección General Bib. Gregorio Torres Quintero Bib. Gregorio Torres Quintero Planta baja 1 LB1733 F5 no.11 174914 31/12/2020 1 Libro